01203nam a2200325 i 450000100060000000300090000600500170001500700030003200800410003502000180007604000220009408000240011608000260014008000240016608000120019010000270020224500800022926000320030930000210034149000370036250400320039960000610043160000630049260000700055565000350062583000450066085200330070599900170073895201220075553863ES-MaACL20250928133910.0t|031114s2002 sp ||||0| spa d a84-309-3834-6 aM-BN bspa cM-BN a1 Heidegger, Martin a1 Gadamer, Hans Georg a1 Sloterdijk, Peter a165.7421 aDuque, Félix.94614710aEn torno al humanismo b: Heidegger, Gadamer, Sloterdijk / cFélix Duque. aMadrid : bTecnos, c[2002] a184 p ; c22 cm.1 aColección Filosofía y Ensayo aBibliografía: p. 183-184.14aHeidegger, Martin-xCrítica e interpretación.96233914aGadamer, Hans Georg-xCrítica e interpretación.95318314aSloterdijk, Peter, d1947- xCrítica e interpretación910679814aHumanismo (Filosofía)9135050 aColección Filosofía y Ensayo9230276 aES-MaACLjL-26625 bR.132160 c53863d53863 00104070aATENEOMbATENEOMcDEPO2d2008-01-17eSCl0oL-26625p1056606r2023-02-23 00:00:00w2023-02-23yMONOGRAFIA